Sports Quiz

Random Sports Quiz

Triple Crown Winners Quiz Stats

 Plays Quiz not verified by Sporcle

Challenge
Share
Tweet
Embed
Score 0/14 Timer 05:00
0 Plays Today
Year & League Player % Correct
2012/ American LeagueMiguel Cabrera
97.6%
1967/ American LeagueCarl Yastrzemski
87.8%
1934/ American LeagueLou Gehrig
87.8%
1947/ American LeagueTed Williams
85.4%
1942/ American LeagueTed Williams
85.4%
1956/ American LeagueMickey Mantle
82.9%
1925/ National LeagueRogers Hornsby
82.9%
Year & League Player % Correct
1922/ National LeagueRogers Hornsby
82.9%
1966/ American LeagueFrank Robinson
80.5%
1909/ American LeagueTy Cobb
80.5%
1933/ American LeagueJimmie Foxx
73.2%
1937/ National LeagueJoe Medwick
58.5%
1901/ American LeagueNap Lajoie
58.5%
1933/ National LeagueChuck Klein
48.8%

You're not logged in!

Compare scores with friends on all Sporcle quizzes.
Join for Free
OR
Log In

You Might Also Like...

Show Comments

Extras

Created Oct 5, 2014ReportNominate
Tags:Triple Crown

Top Quizzes Today


Score Distribution

Your Account Isn't Verified!

In order to create a playlist on Sporcle, you need to verify the email address you used during registration. Go to your Sporcle Settings to finish the process.

Report this User

Report this user for behavior that violates our Community Guidelines.

Details: